LEADER 01001nam a2200277 i 4500 001 991003112979707536 005 20021125155216.0 008 020917s1993 ne ||| | ||| 020 $a0792322479 035 $ab11756172-39ule_inst 035 $aLE02522925$9ExL 040 $aFac. Economia$bita 082 0 $a519.536 100 1 $aPazman, Andrej$0530442 245 10$aNonlinear statistical models /$cAndrej Pazman 260 $aDordrecht [etc.] :$bKluwer academic ; Bratislava : Ister science,$cc1993 300 $aix, 259 p. ;$c25 cm 490 0 $aMathematics and its applications ;$v254 650 4$aAnalisi della regressione 650 4$aAnalisi multivariata 907 $a.b11756172$b27-04-17$c27-11-02 912 $a991003112979707536 945 $aLE025 ECO 519.5 PAZ01.01$g1$i2025000082779$lle025$o-$pE0.00$q-$rl$s- $t0$u0$v0$w0$x0$y.i12000218$z27-11-02 996 $aNonlinear statistical models$9904955 997 $aUNISALENTO 998 $ale025$b01-01-02$cm$da $e-$feng$gne $h0$i1 LEADER 05455nam 2200673 a 450 001 9910830995803321 005 20230617021506.0 010 $a1-280-55826-1 010 $a9786610558261 010 $a3-527-60626-2 010 $a3-527-60052-3 035 $a(CKB)1000000000019350 035 $a(EBL)481675 035 $a(OCoLC)609855399 035 $a(SSID)ssj0000307678 035 $a(PQKBManifestationID)11205711 035 $a(PQKBTitleCode)TC0000307678 035 $a(PQKBWorkID)10250546 035 $a(PQKB)11751112 035 $a(MiAaPQ)EBC481675 035 $a(EXLCZ)991000000000019350 100 $a20030324d2003 uy 0 101 0 $aeng 135 $aur|n|---||||| 181 $ctxt 182 $cc 183 $acr 200 10$aReactive distillation$b[electronic resource] $estatus and future directions /$fKai Sundmacher and Achim Kienle (eds.) 210 $aWeinheim $cWiley-VCH$dc2003 215 $a1 online resource (309 p.) 300 $aDescription based upon print version of record. 311 $a3-527-30579-3 320 $aIncludes bibliographical references and index. 327 $aReactive Distillation Status and Future Directions; Contents; Preface; List of Contributors; Part I Industrial Applications; 1 Industrial Applications of Reactive Distillation; 1.1 Introduction; 1.2 Etherification: MTBE, ETBE, and TAME; 1.3 Dimerization, Oligomerization, and Condensation; 1.4 Esterification: Methyl Acetate and Other Esters; 1.5 Hydrolysis of Esters; 1.6 Hydration; 1.7 Hydrogenation/Hydrodesulfurization/Hydrocracking; 1.7.1 Benzene to Cyclohexane; 1.7.2 Selective Hydrogenation of C(4) Stream; 1.7.3 Hydrogenation of Pentadiene; 1.7.4 C(4) Acetylene Conversion 327 $a1.7.5 Hydrodesulfurization, Hydrodenitrogenation, and Hydrocracking1.7.6 Miscellaneous Hydrogenations; 1.8 Chlorination; 1.9 Acetalization/Ketalization; 1.10 Recovery and Purification of Chemicals; 1.11 Difficult Separations; 1.12 Chemical Heat Pumps; 1.13 RD with Supercritical Fluids; 1.14 Conclusions; 2 Reactive Distillation Process Development in the Chemical Process Industries; 2.1 Introduction; 2.2 Process Synthesis; 2.3 Process Design and Optimization; 2.4 Limitations of the Methods for Synthesis and Design: the Scale-Up Problem; 2.5 Choice of Equipment 327 $a2.6 Some Remarks on the Role of Catalysis2.7 Conclusions; 2.8 Acknowledgments; 2.9 Notation; 3 Application of Reactive Distillation and Strategies in Process Design; 3.1 Introduction; 3.2 Challenges in Process Design for Reactive Distillation; 3.2.1 Feasibility Analysis; 3.2.2 Catalyst and Hardware Selection; 3.2.3 Column Scale-Up; 3.3 MTBE Decomposition via Reactive Distillation; 3.3.1 Conceptual Design; 3.3.2 Model Development; 3.3.2.1 Catalyst Selection and Reaction Kinetics; 3.3.2.2 Phase Equilibrium Model; 3.3.2.3 Steady-State Simulation; 3.3.3 Lab-Scale Experiments 327 $a3.3.4 Pilot-Plant Experiments3.4 Conclusions; Part II Physicochemical Fundamentals; 4 Thermodynamics of Reactive Separations; 4.1 Introduction; 4.2 Process Models for Reactive Distillation; 4.2.1 Outline; 4.2.2 Case Study: Methyl Acetate; 4.3 Equilibrium Thermodynamics of Reacting Multiphase Mixtures; 4.4 Fluid Property Models for Reactive Distillation; 4.4.1 Outline; 4.4.2 Examples; 4.4.2.1 Hexyl Acetate: Sensitivity Analysis; 4.4.2.2 Methyl Acetate: Prediction of Polynary Vapor-Liquid Equilibria; 4.4.2.3 Butyl Acetate: Thermodynamic Consistency 327 $a4.4.2.4 Ethyl Acetate: Consequences of Inconsistency4.4.2.5 Formaldehyde + Water + Methanol: Intrinsically Reactive Complex Mixture; 4.5 Experimental Studies of Phase Equilibria in Reacting Systems; 4.5.1 Outline; 4.5.2 Reactive Vapor-Liquid Equilibria; 4.5.2.1 Batch Experiments; 4.5.2.2 Flow Experiments; 4.5.2.3 Recirculation Experiments; 4.6 Conclusions; 4.7 Acknowledgments; 4.8 Notation; 5 Importance of Reaction Kinetics for Catalytic Distillation Processes; 5.1 Introduction; 5.2 Reactive Ideal Binary Mixtures; 5.2.1 Reaction-Distillation Process with External Recycling 327 $a5.2.1.1 (,)-Analysis 330 $aIn a reactive distillation column, both the chemical conversion and the distillative separation of the product mixture are carried out simultaneously. Through this integrative strategy, chemical equilibrium limitations can be overcome, higher selectivities can be achieved and heat of reaction can be directly used for distillation. Increased process efficiency and reduction of investments and operational costs are the direct results of this approach.Highly renowned international experts from both industry and academia review the state-of-the-art and the future directions in application, 606 $aDistillation$vCongresses 606 $aDistillation apparatus$xDesign and construction$vCongresses 606 $aReactivity (Chemistry)$xIndustrial applications$vCongresses 615 0$aDistillation 615 0$aDistillation apparatus$xDesign and construction 615 0$aReactivity (Chemistry)$xIndustrial applications 676 $a660 676 $a660.28425 676 $a660/.28425 701 $aSundmacher$b Kai$0923327 701 $aKienle$b Achim$01608865 712 12$aInternational Workshop on Reactive Distillation 801 0$bMiAaPQ 801 1$bMiAaPQ 801 2$bMiAaPQ 906 $aBOOK 912 $a9910830995803321 996 $aReactive distillation$94111485 997 $aUNINA LEADER 04496nam 22006495 450 001 9910484878703321 005 20200711043722.0 010 $a3-658-13011-3 024 7 $a10.1007/978-3-658-13011-4 035 $a(CKB)3710000000718345 035 $a(DE-He213)978-3-658-13011-4 035 $a(MiAaPQ)EBC4532450 035 $a(PPN)194076431 035 $a(EXLCZ)993710000000718345 100 $a20160524d2016 u| 0 101 0 $ager 135 $aurnn|008mamaa 181 $ctxt$2rdacontent 182 $cc$2rdamedia 183 $acr$2rdacarrier 200 10$aBaukonstruktion im Klimawandel /$fvon Bernhard Weller, Marc-Steffen Fahrion, Sebastian Horn, Thomas Naumann, Johannes Nikolowski 205 $a1st ed. 2016. 210 1$aWiesbaden :$cSpringer Fachmedien Wiesbaden :$cImprint: Springer Vieweg,$d2016. 215 $a1 online resource (X, 333 S. 173 Abb., 131 Abb. in Farbe.) 311 $a3-658-13010-5 320 $aIncludes bibliographical references. 330 $aDas vorliegende Buch zeigt baukonstruktive Lösungen für eine zukunftsfähige Gebäudeertüchtigung vor dem Hintergrund des Klimawandels. Behandelt werden die klimatischen Einwirkungen Sommerhitze, Überflutung, Starkregen, Hagel, Wind und Schnee. Deren Veränderungen infolge des Klimawandels beeinflussen die Verletzbarkeit bestehender Wohngebäude und Nichtwohngebäude. Auf Grundlage objektiver Analysemethoden werden die Auswirkungen des Klimawandels auf Bestandsgebäude beschrieben und detaillierte baukonstruktive Anpassungsmaßnahmen erläutert. Der Inhalt Klimawandel und Klimaanpassung von Gebäuden als aktuelle Herausforderung ? Bestandsanalyse und baukonstruktive Anpassung von neun Wohn- und Nichtwohngebäuden der Baujahre von 1890 bis 1995 ? Gebäudeertüchtigung im Detail für die Einwirkungen aus Sommerhitze, Überflutung, Starkregen, Hagel, Wind und Schnee - Wirtschaftlichkeit von Anpassungsmaßnahmen Die Zielgruppe Architekten, Ingenieure, Denkmalpfleger Immobilienwirtschaft Die Autoren Prof. Dr.-Ing Bernhard Weller ist Direktor des Instituts für Baukonstruktion an der Technischen Universität Dresden. Dr.-Ing. Marc-Steffen Fahrion war Leiter der Forschungsgruppe ?Energieeffizienz und Nachhaltigkeit? am Institut für Baukonstruktion an der Technischen Universität Dresden. Dipl.-Ing. Sebastian Horn ist Leiter der Forschungsgruppe ?Energieeffizienz und Nachhaltigkeit? am Institut für Baukonstruktion an der Technischen Universität Dresden. Prof. Dr.-Ing. Thomas Naumann ist Leiter des Forschungsbereichs "Umweltrisiken in der Stadt- und Regionalentwicklung" am Leibniz-Institut für ökologische Raumentwicklung e.V. in Dresden. Dr.-Ing. Johannes Nikolowski ist Mitarbeiter im Büro GB1 Ingenieure mit den Tätigkeitsschwerpunkten Schadensanalyse, Sanierungsplanung und Qualitätssicherung. 606 $aBuildings?Design and construction 606 $aBuilding 606 $aConstruction 606 $aEngineering, Architectural 606 $aBuilding construction 606 $aBuildings$xRepair and reconstruction 606 $aBuildings?Repair and reconstruction 606 $aBuilding Construction and Design$3https://scigraph.springernature.com/ontologies/product-market-codes/T23012 606 $aBuilding Physics, HVAC$3https://scigraph.springernature.com/ontologies/product-market-codes/T23080 606 $aBuilding Repair and Maintenance$3https://scigraph.springernature.com/ontologies/product-market-codes/T23055 615 0$aBuildings?Design and construction. 615 0$aBuilding. 615 0$aConstruction. 615 0$aEngineering, Architectural. 615 0$aBuilding construction. 615 0$aBuildings$xRepair and reconstruction. 615 0$aBuildings?Repair and reconstruction. 615 14$aBuilding Construction and Design. 615 24$aBuilding Physics, HVAC. 615 24$aBuilding Repair and Maintenance. 676 $a690 700 $aWeller$b Bernhard$4aut$4http://id.loc.gov/vocabulary/relators/aut$0983912 702 $aFahrion$b Marc-Steffen$4aut$4http://id.loc.gov/vocabulary/relators/aut 702 $aHorn$b Sebastian$4aut$4http://id.loc.gov/vocabulary/relators/aut 702 $aNaumann$b Thomas$4aut$4http://id.loc.gov/vocabulary/relators/aut 702 $aNikolowski$b Johannes$4aut$4http://id.loc.gov/vocabulary/relators/aut 906 $aBOOK 912 $a9910484878703321 996 $aBaukonstruktion im Klimawandel$92844243 997 $aUNINA